000 00294nam a22001337a 4500
008 170918b xxu||||| |||| 00| 0 eng d
020 _a9780792455288
041 _aeng
080 _a7
100 _a44
101 _aART
245 _aTHE BIRTH OF MODERN PAINTING
_cPICON, G
942 _2udc
_cBK
999 _c28110
_d28110